| Tag |
First Indicator |
Second Indicator |
Subfields |
| LEADER |
00000cam a2200000 i 4500 |
| 001 |
in00000009851 |
| 005 |
20151007051555.0 |
| 008 |
780912s1979 gau b 00010 eng |
| 010 |
|
|
|a 78052445
|
| 020 |
|
|
|a 0804205884 :
|c $4.95
|
| 035 |
|
|
|a (OCoLC)04493093
|
| 035 |
|
|
|9 AAA3680AM
|
| 040 |
|
|
|a DLC
|c DLC
|d TXA
|d UtOrBLW
|
| 049 |
|
|
|a TXAM
|c [A12575270]
|
| 050 |
0 |
0 |
|a BM565
|b .H64
|
| 082 |
0 |
|
|a 296
|2 19
|
| 100 |
1 |
|
|a Holmgren, Fredrick Carlson,
|d 1926-
|
| 245 |
1 |
4 |
|a The God who cares :
|b a Christian looks at Judaism /
|c by Fredrick Holmgren.
|
| 264 |
|
1 |
|a Atlanta :
|b John Knox Press,
|c [1979]
|
| 264 |
|
4 |
|c ©1979
|
| 300 |
|
|
|a 144 pages ;
|c 21 cm.
|
| 336 |
|
|
|a text
|b txt
|2 rdacontent
|
| 337 |
|
|
|a unmediated
|b n
|2 rdamedia
|
| 338 |
|
|
|a volume
|b nc
|2 rdacarrier
|
| 504 |
|
|
|a Includes bibliographies.
|
| 650 |
|
0 |
|a Judaism.
|
| 650 |
|
0 |
|a Christianity and other religions
|x Judaism.
|
| 650 |
|
0 |
|a Judaism
|x Relations
|x Christianity.
|
| 999 |
|
|
|a MARS
|
| 999 |
f |
f |
|s e2886540-8210-36f0-b594-c091a7974deb
|i 519f0b13-b309-3245-99f6-c3527cdca794
|t 0
|
| 952 |
f |
f |
|p ric
|a Texas A&M University
|b Rellis Campus
|c Joint Library Facility
|d Remote Storage
|t 0
|e BM565 .H64
|h Library of Congress classification
|i unmediated -- volume
|m A14812575270
|
| 998 |
f |
f |
|a BM565 .H64
|t 0
|l Remote Storage
|